00335nam a2200145Ia 45000030006000000080041000060400015000471000027000622450021000892500006001102600036001163000006001525460014001580050017001720STCL150530s9999 xx 000 0 und d aSTCLcSTCL aTharavathu Ammalu Amma aBhudha Charitham a1 bBharatha Vilasam; Trichurc1945 a0 aMalayalam20220125171817.0